000 01001nam0a22002651 4500
001 v19\rc\1659081
005 20260407133852.0
035 _a(NLR Aleph) 004768842
090 _a4618880
_c4618880
100 _a20061002d1890 u y0rusy50 ca
101 0 _arus
102 _aRU
105 _aab z |||||
200 1 _aСобрание исполнительных чертежей сооружений Новороссийской ветви. 1885-1888 гг.
_fВладикав. ж. д.
210 _aСанкт-Петербург
_d1890
215 _a[3] с., 47 л. ил., карт.
_d52
710 0 2 _aНовороссийская железнодорожная ветвь
_3RU\NLR\AUTH\8810022418
_9542842
712 0 2 _aВладикавказская железная дорога
_3RU\NLR\AUTH\8810000166
_9497499
801 0 _aRU
_bNLR
_gpsbo
801 0 _aRU
_bRuMoRGB
_2psbo
801 1 _aRU
_bProSoft-M
_2rusmarc
852 _aNLR
_j34-7/27
899 _aRuMoRGB
_jL 54/125
942 _cBOOK
980 _aNB